Normal view MARC view
  • C ++ (COMPUTER PROGRAM LANGUAGE), MEMORY MANAGEMENT (COMPUTER SCIENCE)

Entry Topical Term

Number of records used in: 1

001 - CONTROL NUMBER

  • control field: 67532

003 - CONTROL NUMBER IDENTIFIER

  • control field: NUST

005 - DATE AND TIME OF LATEST TRANSACTION

  • control field: 20210628203837.0

008 - FIXED-LENGTH DATA ELEMENTS

  • fixed length control field: 210628|| aca||aabn | a|a d

040 ## - CATALOGING SOURCE

  • Original cataloging agency: NUST
  • Transcribing agency: NUST

150 ## - HEADING--TOPICAL TERM

  • Topical term or geographic name entry element: C ++ (COMPUTER PROGRAM LANGUAGE), MEMORY MANAGEMENT (COMPUTER SCIENCE)

670 ## - SOURCE DATA FOUND

  • Source citation: Work cat.: (NUST): Daconta, Michael C 67531, C ++ pointers and dynamic memory management, 1995
© 2023 Central Library, National University of Sciences and Technology. All Rights Reserved.